00520nam a2200181 i 4500001000700000003000900007005001700016007000300033008004100036080001500077100002000092245009000112260003300202300003700235700002400272700002100296852002100317134869ES-MaACL20230906194748.0t|070629s1924 sp ||||1| spa d a621.3(022)1 aThomael, Adolf.10aElectrotecnia / cAdolf Thomaelen ; traducida por Francisco Planell y Eduardo Barrau. aBarcelona : bLabor, c1924. aXVIII, 608 p. : bil. ; c24 cm.1 aPlanell, Francisco.1 aBarrau, Eduardo. aES-MaACLjF-4219